00687cam a22002173a 450000100060000000300060000600500170001200800410002904000150007004200070008505000070009210000470009924501240014626000290027050600300029951600200032965300330034965300160038283000290039885600420042715810PGUSA20140828083334.0050510s2005||||xxu|||||s|||||000 | eng d aPGUSAbeng adc 4aCB1 aAllen, P. S.q(Percy Stafford),d1869-193314aThe Age of Erasmus :bLectures Delivered in the Universities of Oxford and Londonh[electronic resource] /cP. S. Allen bProject Gutenberg,c2005 aPublic domain in the USA. aElectronic text aErasmus, Desiderius, d. 1536 aRenaissance 0aProject Gutenbergv1581040uhttp://www.gutenberg.org/ebooks/15810